Statistics for Island Nations Closest to Cyprus

Click here to take the quiz!

General Stats

  • This quiz has been taken 139 times
  • The average score is 16 of 20

Answer Stats

Distance in km Island % Correct
1,704Malta
99%
3,111United Kingdom
96%
4,535Iceland
96%
3,653Ireland
95%
5,477Madagascar
91%
5,478Sri Lanka
91%
7,081Indonesia
90%
4,871Seychelles
85%
5,904Cape Verde
85%
8,365Japan
85%
4,755Maldives
83%
4,574São Tomé and Príncipe
83%
5,256Comoros
81%
6,619Mauritius
81%
8,603Philippines
81%
1,901Bahrain
78%
8,205Taiwan
77%
8,137Singapore
72%
8,876Brunei
60%
9,351Antigua and Barbuda
29%

Score Distribution

Percentile by Number Answered

Percent of People with Each Score

Your Score History

You have not taken this quiz